000 00354 a2200157 4500
001 62459
020 _a857505029X
040 _cAnchieta - Pituba
100 _aLeite, Lourenço
240 1 0 _aDo simbólico ao racional
_lpor
245 1 0 _aDo simbólico ao racional
300 _a215
362 0 _a2001
650 4 _aReligiões clássicas
942 _cBK
999 _c62459
_d62459